Scoutisme - Prière scoute - Statistiques

Statistiques générales
  • Ce quiz a été pris 57 fois
  • Le résultat moyen est 43 sur 47
Statistiques - réponses
% Correct
de
100%
Seigneur
100%
des
98%
à
91%
à
91%
à
91%
à
91%
à
91%
à
91%
apprenez
91%
attendre
91%
blessures
91%
celle
91%
chercher
91%
combattre
91%
d'autre
91%
être
91%
faisons
91%
généreux
91%
Jésus
91%
le
91%
le
91%
nous
91%
nous
91%
nous
91%
que
91%
que
91%
récompense
91%
repos
91%
Sainte
91%
sans
91%
sans
91%
sans
91%
sans
91%
savoir
91%
souci
91%
travailler
91%
Volonté
91%
Votre
91%
comme
89%
dépenser
89%
méritez
89%
servir
89%
vous
89%
vous
89%
compter
87%
donner
87%
Aucun quiz correspondant
Distribution des résultats
% des personnes avec chaque résultat
Percentile par nombre de réponses
Votre historique - résultats
Vous n’avez pas pris ce quiz